|
|
|
|
| LEADER |
00797nam a22001817a 4500 |
| 005 |
20230626230445.0 |
| 100 |
|
|
|a BENEDITO, José Edil.
|9 39661
|
| 245 |
|
|
|a Crescimento das riquezas do Estado em ritmo chinês.
|
| 500 |
|
|
|a Os artigos de jornais digitalizados encontram-se disponíveis na biblioteca.
|
| 510 |
|
|
|a A Tribuna,
|b Vitória-ES,
|c 30/05/2012, p. 28, c. 1-5.
|
| 650 |
|
0 |
|a IJSN
|9 358
|
| 650 |
|
0 |
|a RIQUEZA
|9 6030
|
| 650 |
|
0 |
|a ASPECTOS ECONÔMICOS
|9 733
|
| 650 |
|
0 |
|a ESPÍRITO SANTO-ESTADO
|9 44958
|
| 856 |
|
|
|u /ConteudoDigital/20160725_aj04530_ijsn9.pdf
|
| 942 |
|
|
|c AJ
|
| 952 |
|
|
|0 0
|1 0
|3 Jornal
|4 0
|5 0
|6 AJ_04530_000000000000000
|7 0
|9 325452
|a BIBLIO
|b BIBLIO
|c Jornal
|d 2014-09-25
|e Digital
|l 0
|o AJ04530
|p 325431
|r 2014-09-25 00:00:00
|w 2014-09-25
|y AJ
|6 AJ_04530_000000000000000
|w 2014-09-25
|
| 999 |
|
|
|c 321225
|d 321225
|